[Event "IECG QN.2003.0.00264 email "]
[Site "IECG email"]
[Date "2003.03.07"]
[Round "?"]
[White "Venturas, Bob"]
[Black "What, Playing"]
[Result "0-1"]
[WhiteElo "556"]
[BlackElo "800"]
[PlyCount "47"]
[EventDate "2003.03.07"]
[EventType "tourn (corr)"]
[EventRounds "6"]
[SourceTitle "Corr 2008"]
[Source "ChessBase"]
[SourceDate "2008.06.24"]
[SourceVersion "1"]
[SourceVersionDate "2008.06.24"]
[SourceQuality "1"]

1. e4 e6 2. d4 d5 3. e5 c5 4. Nf3 Nc6 5. Bb5 Qb6 6. a4 cxd4 7. Nxd4 a6 8. a5 Qc7 9. Bxc6+ bxc6 10. Bf4 Ne7 11. 0-0 Ng6 12. Qd2 f6 13. Re1 fxe5 14. Nxe6 Bxe6 15. Bg5 e4 16. Ra4 Bd6 17. g3 h6 18. Be3 Ne5 19. Bb6 Nf3+ 20. Kg2 Qf7 21. Qd1 Nxe1+ 22. Qxe1 Qf3+ 23. Kg1 Bh3 24. Qf1 0-1

[Event "IECG QN.2002.0.00240"]
[Site "IECG email"]
[Date "2002.09.17"]
[Round "?"]
[White "Kachev, Teodor"]
[Black "What, Playing"]
[Result "0-1"]
[WhiteElo "800"]
[BlackElo "800"]
[PlyCount "88"]
[EventDate "2002.09.17"]
[EventType "tourn (corr)"]
[EventRounds "6"]
[SourceTitle "Corr 2008"]
[Source "ChessBase"]
[SourceDate "2008.06.24"]
[SourceVersion "1"]
[SourceVersionDate "2008.06.24"]
[SourceQuality "1"]

1. e4 c5 2. Nf3 Nc6 3. d4 cxd4 4. Nxd4 Nf6 5. Nc3 d6 6. Bb5 Bd7 7. 0-0 g6 8. Bg5 Bg7 9. Qd2 Nxe4 10. Nxe4 Nxd4 11. Nxd6+ Kf8 12. Nxb7 Qc7 13. Bxd7 Qxd7 14. Nc5 Qd5 15. Nd3 Nxc2 16. Bxe7+ Kxe7 17. Qxc2 Rhc8 18. Qe2+ Kf8 19. Rfd1 Re8 20. Qg4 Re4 21. Qh3 Rd8 22. Rd2 h5 23. f3 Re3 24. Rad1 Qd4 25. Kh1 Qc4 26. b3 Qc7 27. Qg3 Qxg3 28. hxg3 Bc3 29. Rc2 Rdxd3 30. Rxd3 Rxd3 31. Kg1 Be1 32. Kh2 Rd1 33. Rc4 a5 34. Re4 Bb4 35. Re2 Kg7 36. Re5 f6 37. Re2 g5 38. f4 g4 39. Rc2 Kg6 40. Rc4 Be1 41. Rc2 Bd2 42. a3 Be3 43. b4 Bg1+ 44. Kh1 h4 0-1

[Event "IECG QN.2002.0.00240"]
[Site "IECG email"]
[Date "2002.09.17"]
[Round "?"]
[White "Melloni, Eduardo Carlos"]
[Black "What, Playing"]
[Result "0-1"]
[WhiteElo "800"]
[BlackElo "800"]
[PlyCount "80"]
[EventDate "2002.09.17"]
[EventType "tourn (corr)"]
[EventRounds "6"]
[SourceTitle "Corr 2008"]
[Source "ChessBase"]
[SourceDate "2008.06.24"]
[SourceVersion "1"]
[SourceVersionDate "2008.06.24"]
[SourceQuality "1"]

1. d4 Nf6 2. Nf3 c5 3. e3 e6 4. c3 d5 5. Bb5+ Bd7 6. Bd3 Qc7 7. 0-0 c4 8. Be2 Bd6 9. b3 Bc6 10. Ba3 Bxa3 11. Nxa3 b5 12. Rb1 0-0 13. Ne5 Nbd7 14. Nxd7 Bxd7 15. Qc2 Qd6 16. Qb2 Rfc8 17. Bf3 b4 18. Nxc4 dxc4 19. Bxa8 bxc3 20. Qxc3 cxb3 21. Qxb3 Rxa8 22. Qb4 Qd5 23. Rfc1 Qxa2 24. Ra1 Qd5 25. Ra5 Qe4 26. Rxa7 Rxa7 27. Qb8+ Ne8 28. Qxa7 Bc6 29. d5 Qxd5 30. f3 f5 31. h3 Qd6 32. Qa6 Bd5 33. Qxd6 Nxd6 34. Rc7 g5 35. Kf2 h5 36. g3 Nf7 37. h4 g4 38. fxg4 fxg4 39. Ke2 Nd6 40. Kf1 Ne4 0-1

[Event "IECG QN.2002.0.00240"]
[Site "IECG email"]
[Date "2002.09.17"]
[Round "?"]
[White "What, Playing"]
[Black "Krahl, Wolfgang"]
[Result "1-0"]
[WhiteElo "800"]
[BlackElo "637"]
[PlyCount "41"]
[EventDate "2002.09.17"]
[EventType "tourn (corr)"]
[EventRounds "6"]
[SourceTitle "Corr 2008"]
[Source "ChessBase"]
[SourceDate "2008.06.24"]
[SourceVersion "1"]
[SourceVersionDate "2008.06.24"]
[SourceQuality "1"]

1. c4 e5 2. Nc3 Nf6 3. Nf3 e4 4. Ng5 h6 5. Ngxe4 Nxe4 6. Nxe4 f5 7. Nc3 Bb4 8. Nd5 c6 9. Nxb4 c5 10. Nd5 Nc6 11. d4 Nxd4 12. e3 Ne6 13. Qh5+ Kf8 14. Qxf5+ Kg8 15. Bd3 Ng5 16. b4 d6 17. Qg6 Bg4 18. Bb2 Qf8 19. Nf6+ Qxf6 20. Bxf6 Rf8 21. Qxg7# 1-0

[Event "IECG CN.2002.0.00307 email"]
[Site "IECG email"]
[Date "2002.09.03"]
[Round "?"]
[White "Venturas, Bob"]
[Black "What, Playing"]
[Result "0-1"]
[WhiteElo "656"]
[BlackElo "800"]
[PlyCount "73"]
[EventDate "2002.09.03"]
[EventType "tourn (corr)"]
[EventRounds "6"]
[SourceTitle "Corr 2008"]
[Source "ChessBase"]
[SourceDate "2008.06.24"]
[SourceVersion "1"]
[SourceVersionDate "2008.06.24"]
[SourceQuality "1"]

1. e4 e5 2. Nf3 Nc6 3. d4 exd4 4. Nxd4 Nf6 5. Nxc6 bxc6 6. e5 Qe7 7. Qe2 Nd5 8. Bd2 Qe6 9. a3 Be7 10. g3 Rb8 11. b3 Ba6 12. Qxa6 Qxe5+ 13. Be2 Qxa1 14. 0-0 0-0 15. Qd3 Rfe8 16. Nc3 Qxa3 17. Ne4 Bb4 18. Bxb4 Nxb4 19. Qf3 d5 20. Ng5 f6 21. Nh3 Nxc2 22. b4 Qxf3 23. Bxf3 Nd4 24. Bd1 Rxb4 25. Kg2 c5 26. Nf4 c6 27. Nd3 Rb5 28. Bg4 c4 29. Nf4 c3 30. Rc1 c2 31. Nd3 Rb1 32. Bd1 cxd1Q 33. Rxd1 Rxd1 34. Nc5 Re2 35. Na4 Rdd2 36. Nc3 Rxf2+ 37. Kh3 0-1